书目信息 |
| 题名: |
变政与政变
|
|
| 作者: | 董丛林 著 | |
| 分册: | ||
| 出版信息: | 保定 河北大学出版社 1999 |
|
| 页数: | 248页 | |
| 开本: | 20cm | |
| 丛书名: | 历史关键之年丛书 | |
| 单 册: | ||
| 中图分类: | K256.507 | |
| 科图分类: | ||
| 主题词: | 中国--历史--1840~1949 | |
| 电子资源: | ||
| ISBN: | 7-81028-503-3 | |
| 000 | 00708nam0 2200229 450 | |
| 001 | 0733203800 | |
| 005 | 20070719101203.51 | |
| 010 | @a7-81028-503-3@dCNY13.00 | |
| 100 | @a20070719d1999 km y0chiy0120 ea | |
| 101 | 0 | @achi |
| 102 | @aCN | |
| 200 | 1 | @a变政与政变@Abian zheng yu zheng bian@e光绪二十四年聚焦@f董丛林著@Fdong cong lin zhu |
| 210 | @a保定@c河北大学出版社@d1999 | |
| 215 | @a248页@d20cm | |
| 225 | @a历史关键之年丛书 | |
| 410 | 0 | @12001 @a历史关键之年丛书 |
| 517 | 1 | @a光绪二十四年聚焦@Aguang xu er shi si nian ju jiao |
| 606 | 0 | @a中国@x历史@z1840~1949 |
| 690 | @aK256.507@v3 | |
| 701 | 0 | @a董丛林@Adong cong lin@4著 |
| 801 | 0 | @aCN@bPFT@c20070719 |
| 905 | @a10447@dK256.507@e49 | |
| 变政与政变:光绪二十四年聚焦/董丛林著.-保定:河北大学出版社,1999 |
| 248页;20cm.-(历史关键之年丛书) |
| ISBN 7-81028-503-3:CNY13.00 |
| ● |
| 相关链接 |
|
|
|
|
正题名:变政与政变
索取号:K256.507/49
 
预约/预借
| 序号 | 登录号 | 条形码 | 馆藏地/架位号 | 状态 | 备注 |
| 1 | 0780778 | 207807783 | 第二样本阅览室/ [索取号:K256.507/49] | 在馆 | |
| 2 | 0780779 | 207807792 | 第二借阅区/ [索取号:K256.507/49] | 在馆 | |
| 3 | 0780780 | 207807809 | 第二借阅区/ [索取号:K256.507/49] | 在馆 | |
| 4 | 0780781 | 207807818 | 第二借阅区/ [索取号:K256.507/49] | 在馆 | |
| 5 | 0780782 | 207807827 | 第二借阅区/ [索取号:K256.507/49] | 在馆 | |
| 6 | 0780783 | 207807836 | 第二借阅区/ [索取号:K256.507/49] | 在馆 | |
| 7 | 0781092 | 207810920 | 第二借阅区/ [索取号:K256.507/49] | 在馆 | |
| 8 | 0781093 | 207810939 | 第二借阅区/ [索取号:K256.507/49] | 在馆 | |
| 9 | 0781094 | 207810948 | 第二借阅区/ [索取号:K256.507/49] | 在馆 | |
| 10 | 0781095 | 207810957 | 第二借阅区/ [索取号:K256.507/49] | 在馆 |